Polscy Medaliści Igrzysk Olimpijskich z XXI Wieku - Statystyki

Ogólne statystyki
  • Ten quiz został rozwiązany 96 razy
    9 od ostatniego zresetowania
  • Średni wynik to 75 z 156
Statystyki odpowiedzi
Wskazówka Odpowiedź % Poprawnych
2002 Salt Lake City | 2010 Vancouver Adam Małysz
100%
2026 Mediolan / Cortina Kacper Tomasiak
100%
2014 Soczi | 2018 Pjongczang Kamil Stoch
100%
2018 Pjongczang | 2022 Pekin Dawid Kubacki
89%
2006 Turyn | 2010 Vancouver | 2014 Soczi Justyna Kowalczyk
89%
2018 Pjongczang Maciej Kot
89%
2020 Tokio | 2024 Paryż Natalia Kaczmarek
89%
2018 Pjongczang Stefan Hula
89%
2006 Turyn Tomasz Sikora
89%
2012 Londyn | 2016 Rio de Janeiro | 2020 Tokio Anita Włodarczyk
78%
2024 Paryż Bartosz Kurek
78%
2020 Tokio Justyna Świety-Ersetic
78%
2024 Paryż Łukasz Kaczmarek
78%
2014 Soczi Natalia Czerwonka
78%
2026 Mediolan / Cortina Paweł Wąsek
78%
2008 Pekin | 2012 Londyn Tomasz Majewski
78%
2024 Paryż Wilfredo Leon
78%
2014 Soczi Zbigniew Bródka
78%
2024 Paryż Aleksander Śliwka
67%
2020 Tokio Dawid Tomala
67%
2010 Vancouver | 2014 Soczi Luiza Złotkowska
67%
2020 Tokio Paweł Fajdek
67%
2004 Ateny Robert Korzeniowski
67%
2016 Rio de Janeiro | 2020 Tokio Wojciech Nowicki
67%
2024 Paryż Alekandra Mirosław
56%
2020 Tokio Anna Kiełbasińska
56%
2024 Paryż Grzegorz Łomacz
56%
2024 Paryż Jakub Kochanowski
56%
2014 Soczi Jan Szymański
56%
2024 Paryż Julia Szeremeta
56%
2020 Tokio Kajetan Duszyński
56%
2010 Vancouver | 2014 Soczi Katarzyna Bachleda-Curuś
56%
2014 Soczi Konrad Niedźwiedzki
56%
2024 Paryż Marcin Janusz
56%
2004 Ateny Otylia Jędrzejczak
56%
2024 Paryż Tomasz Fornal
56%
2012 Londyn Adrian Zieliński
44%
2024 Paryż Aleksandra Jarecka
44%
2024 Paryż Aleksandra Kałucka
44%
2024 Paryż Alicja Klasik
44%
2020 Tokio Anna Puławska
44%
2024 Paryż Bartłomiej Bołądź
44%
2024 Paryż Daria Pikulik
44%
2020 Tokio Iga Baumgart-Witan
44%
2024 Paryż Iga Świątek
44%
2012 Londyn | 2016 Rio de Janeiro | 2020 Tokio Karolina Naja
44%
2020 Tokio Karol Zalewski
44%
2024 Paryż Klaudia Zwolińska
44%
2008 Pekin | 2016 Rio de Janeiro Maja Włoszczowska
44%
2020 Tokio Małgorzata Hołub-Kowalik
44%
2024 Paryż Mateusz Bieniek
44%
2024 Paryż Mateusz Biskup
44%
2024 Paryż Mirosław Ziętarski
44%
2024 Paryż Norbert Huber
44%
2020 Tokio Patryk Dobek
44%
2016 Rio de Janeiro Rafał Majka
44%
2024 Paryż Renata Knapik-Miazga
44%
2008 Pekin Szymon Kołecki
44%
2012 Londyn Tomasz Zieliński
44%
2008 Pekin Adam Korol
33%
2004 Ateny Agata Wróbel
33%
2012 Londyn Bartłomiej Bonk
33%
2012 Londyn Damian Janikowski
33%
2024 Paryż Kamil Semeniuk
33%
2020 Tokio Katarzyna Zillmann
33%
2008 Pekin Konrad Wasielewski
33%
2008 Pekin Leszek Blanik
33%
2012 Londyn Magdalena Fularczyk
33%
2016 Rio de Janeiro Magdalena Fularczyk-Kozłowska
33%
2020 Tokio Malwina Kopron
33%
2008 Pekin Marcin Dołęga
33%
2008 Pekin Marek Kolbowicz
33%
2020 Tokio Maria Andrejczyk
33%
2004 Ateny Mateusz Kusznierewicz
33%
2008 Pekin Michał Jeliński
33%
2016 Rio de Janeiro Monika Michalik
33%
2024 Paryż Paweł Zatorski
33%
2008 Pekin | 2016 Rio de Janeiro Piotr Małachowski
33%
2004 Ateny Robert Sycz
33%
2012 Londyn Sylwia Bogacka
33%
2020 Tokio Tadeusz Michalik
33%
2004 Ateny Tomasz Kucharski
33%
2026 Mediolan / Cortina Vladimir Semirunniy
33%
2016 Rio de Janeiro Agnieszka Kobus
22%
2020 Tokio Agnieszka Kobus-Zawojska
22%
2020 Tokio Agnieszka Skrzypulec
22%
2004 Ateny Aneta Pastuszka
22%
2008 Pekin Bartłomiej Pawełczak
22%
2020 Tokio Dariusz Kowaluk
22%
2020 Tokio Helena Wiśniewska
22%
2020 Tokio Jolanta Ogar-Hill
22%
2020 Tokio Justyna Iskrzycka
22%
2010 Vancouver | 2014 Soczi Katarzyna Woźniak
22%
2020 Tokio Maria Sajdak
22%
2016 Rio de Janeiro Maria Springwald
22%
2024 Paryż Martyna Swatowska-Wenglarczyk
22%
2016 Rio de Janeiro Natalia Madaj
22%
2008 Pekin Paweł Rańda
22%
2012 Londyn Przemysław Miarczyński
22%
2008 Pekin Radosław Zawrotniak
22%
2004 Ateny Sylwia Gruchała
22%
2012 Londyn Zofia Noceti-Klepacka
22%
2008 Pekin Agnieszka Wieszczek
11%
2008 Pekin Aneta Konieczna
11%
2004 Ateny Anna Rogowska
11%
2008 Pekin | 2012 Londyn | 2016 Rio de Janeiro Beata Mikołajczyk
11%
2004 Ateny Beata Sokołowska-Kulesza
11%
2024 Paryż Dominik Czaja
11%
2024 Paryż Fabian Barański
11%
2012 Londyn Julia Michalska
11%
2008 Pekin Łukasz Pawłowski
11%
2020 Tokio Marta Wieliczko
11%
2008 Pekin Miłosz Bernatajtys
11%
2016 Rio de Janeiro Oktawia Nowacka
11%
2008 Pekin Robert Andrzejuk
11%
2008 Pekin Tomasz Motyka
11%
2008 Pekin Adam Wiercioch
0%
2016 Rio de Janeiro Joanna Leszczyńska
0%
2016 Rio de Janeiro Marta Walczykiewicz
0%
2016 Rio de Janeiro Monika Ciaciuch
0%
Nie znaleziono quizów pasujących do podanych kryteriów
Rozkład punktacji
Procent ludzi z każdym wynikiem
Percentyl według liczby udzielonych odpowiedzi
Twoja historia wyników
Nie rozwiązałeś tego quizu od ostatniego zresetowania